| 000 | 00563nam a22001817a 4500 | ||
|---|---|---|---|
| 005 | 20260121144930.0 | ||
| 010 | _aENG-147601 | ||
| 020 |
_a9788119670475 _c695.00 |
||
| 035 | _aEN-131133 | ||
| 037 | _bDBAD | ||
| 082 |
_a881 _21 |
||
| 100 |
_aManzar, Mahesh _986735 |
||
| 245 |
_aConfessions of an Unknown Congressman/ _cMahesh Manzar |
||
| 260 |
_aNew Delhi _bVitasta Publishing _c2025 |
||
| 270 |
_a2/15,Ansari Road,Daryaganj, _bNew Delhi _e110002 _mvitastapublishing.com |
||
| 300 |
_a524p. _c22cm(hb) _bill.col |
||
| 942 |
_2ddc _cEN _h881 _mMAN |
||
| 999 |
_c214393 _d214393 |
||